LIBRARY ONLINE CATALOGUE

Bromley's family law / (Record no. 3916)

MARC details
000 -LEADER
fixed length control field 01041cam a22002892 4500
001 - CONTROL NUMBER
control field 0000019405
005 - DATE AND TIME OF LATEST TRANSACTION
control field 20151217145913.0
008 - FIXED-LENGTH DATA ELEMENTS--GENERAL INFORMATION
fixed length control field 101115s xx 000 0 eng d
020 ## - INTERNATIONAL STANDARD BOOK NUMBER
International Standard Book Number 0406959515 :
040 ## - CATALOGING SOURCE
Original cataloging agency KABU
Transcribing agency KABU
100 1# - MAIN ENTRY--PERSONAL NAME
Personal name Lowe, N. V.
-- 0000179122
245 10 - TITLE STATEMENT
Title Bromley's family law /
Statement of responsibility, etc. N. V. Lowe, G Douglas.
250 ## - EDITION STATEMENT
Edition statement 10th ed.
260 ## - PUBLICATION, DISTRIBUTION, ETC. (IMPRINT)
Place of publication, distribution, etc. Oxford :
Name of publisher, distributor, etc. O. U. P.,
Date of publication, distribution, etc. 2007.
300 ## - PHYSICAL DESCRIPTION
Extent xciii, 1153 p.
650 #0 - SUBJECT ADDED ENTRY--TOPICAL TERM
Topical term or geographic name as entry element Domestic relations
Geographic subdivision England.
-- 0000160404
650 #0 - SUBJECT ADDED ENTRY--TOPICAL TERM
Topical term or geographic name as entry element Domestic relations
Geographic subdivision Wales.
-- 0000160405
700 1# - ADDED ENTRY--PERSONAL NAME
Personal name Douglas, Gillian.
-- 0000178418
852 1# - LOCATION
-- p5510 KES
852 1# - LOCATION
-- p5510 KES
852 1# - LOCATION
-- p5578 KES
852 1# - LOCATION
-- p5510 KES
852 1# - LOCATION
-- p5578 KES
852 1# - LOCATION
-- p5578 KES
908 ## - PUT COMMAND PARAMETER (RLIN)
Put command parameter 101115
950 ## - LOCAL HOLDINGS (RLIN)
-- 1
Holdings
Withdrawn status Lost status Source of classification or shelving scheme Not for loan Home library Current library Date acquired Total Checkouts Total Renewals Full call number Barcode Date last seen Date last checked out Price effective from Koha item type
    Library of Congress Classification   Kabarak, Main Campus Kabarak, Main Campus 17/12/2015 3 1 KD750 .L69 2007 c. 10 013191 26/10/2018 29/09/2018 17/12/2015 General Collection
    Library of Congress Classification   Kabarak, Main Campus Kabarak, Main Campus 17/12/2015 6 1 KD750 .L69 2007 c. 9 013193 26/06/2018 04/06/2018 17/12/2015 General Collection
    Library of Congress Classification   Kabarak, Main Campus Kabarak, Main Campus 17/12/2015 3   KD750 .L69 2007 c. 3 19855 28/09/2021 25/09/2021 17/12/2015 General Collection
    Library of Congress Classification   Kabarak, Main Campus Kabarak, Main Campus 17/12/2015 2 1 KD750 .L69 2007 c. 8 013192 24/09/2024 24/09/2024 17/12/2015 General Collection
    Library of Congress Classification   Kabarak, Main Campus Kabarak, Main Campus 17/12/2015 3   KD750 .L69 2007 c. 5 19852 03/12/2019 30/11/2019 17/12/2015 General Collection
    Library of Congress Classification   Kabarak, Main Campus Kabarak, Main Campus 17/12/2015 4   KD750 .L69 2007 c. 4 19853 11/10/2024 23/09/2024 17/12/2015 General Collection
    Library of Congress Classification   Kabarak, Main Campus Kabarak, Main Campus 17/12/2015 2   KD750 .L69 2007 c. 2 23352 25/07/2019 08/07/2019 17/12/2015 General Collection
    Library of Congress Classification   Kabarak, Main Campus Kabarak, Main Campus 17/12/2015 1   KD750 .L69 2007 c. 1 23351 23/05/2016 21/05/2016 17/12/2015 General Collection
    Library of Congress Classification   Kabarak, Main Campus Kabarak, Main Campus 17/12/2015 3   KD750 .L69 2007 c. 7 19857 18/10/2018 01/10/2018 17/12/2015 General Collection
    Library of Congress Classification   Kabarak, Main Campus Kabarak, Main Campus 17/12/2015 4   KD750 .L69 2007 c. 6 19856 13/07/2018 25/06/2018 17/12/2015 General Collection